00749nam a2200205 i 4500001000400000245009700004260006300101300002600164504003500190650002700225650003300252650002600285700003000311700002600341020002100367040000800388041000800396008004100404856009800445bgj00aReadability :bits past, present and future /cBeverley L. Zakaluk, S. Jay Samuels, editors. aNewark, De :bInternational Reading Association,cc. 1988. aXII, 144 pp ;c22 cm. aReferences after each chapter. 9aTextbooksxReadability 9aReadability (Literary style) 9aReading comprehension1 aZAKALUK, Beverley L.eed.1 aSAMUELS, S. Jay.eed. a0872077950 (pbk) cBPK0 aeng s uk f |000 0 eng  uhttp://koha.tu.koszalin.pl/cgi-bin/koha/opac-detail.pl?biblionumber=41366yKatalog online BPK